000 00722nam a2200253Ia 4500
003 OSt
005 20220918170016.0
006 a|||||r|||| 00| 0
007 ta
008 220917b |||||||| |||| 00| 0 eng d
020 _a8186880003 (hbk)
024 _a48,338
037 _cTextual
040 _aARTS
_cARTS
_beng
041 _2eng
_aeng
082 _aT4:3b4, N7
245 0 _aStaff development in higher and distance education edited by Santiosh Panda
260 _aNew Delhi
_bAravali Books International
_c1997
300 _ax,231p.
_ccm.
490 _aStaff and educational development series
650 _aHIGHER EDUCATION
942 _hT4:3b4, N7
_cTEXL
_2CC
999 _c132258
_d132258